[Event "CAN-op U2400"]
[Site "Montreal CAN"]
[Date "2014.07.20"]
[Round "3"]
[White "Dehmel, Jens"]
[Black "Turcotte, Jonathan"]
[Result "0-1"]
[WhiteElo "2067"]
[BlackElo "1971"]
[PlyCount "42"]
[EventDate "2014.07.19"]
[EventType "swiss"]
[EventRounds "9"]
[EventCountry "CAN"]

1. d4 d5 2. c4 c6 3. Nf3 Nf6 4. Nc3 e6 5. Bg5 h6 6. Bh4 dxc4 7. e4 g5 8. Bg3 b5
9. Be2 Bb7 10. Qc2 Nbd7 11. Rd1 a6 12. h4 g4 13. Ne5 h5 14. O-O Be7 15. f3 Nxe5
16. Bxe5 Rg8 17. Qd2 Nd7 18. Qh6 Bxh4 19. Qh7 Qg5 20. Bd6 Qe3+ 21. Kh1 Nf6 0-1

[Event "CAN-op U2400"]
[Site "Montreal CAN"]
[Date "2014.07.20"]
[Round "3"]
[White "Dorrance, Adam"]
[Black "Larochelle, Martial"]
[Result "1-0"]
[WhiteElo "2018"]
[BlackElo "2133"]
[PlyCount "85"]
[EventDate "2014.07.19"]
[EventType "swiss"]
[EventRounds "9"]
[EventCountry "CAN"]

1. d4 f5 2. Nf3 Nf6 3. g3 g6 4. Bg2 Bg7 5. O-O O-O 6. c4 d6 7. Nc3 Qe8 8. d5 a5
9. Rb1 Na6 10. Be3 Bd7 11. Qc1 c6 12. Bh6 Nc5 13. Bxg7 Kxg7 14. Nd4 e5 15. dxe6
Bxe6 16. b3 Bg8 17. Rd1 Nce4 18. Na4 d5 19. c5 Nd7 20. b4 axb4 21. Rxb4 Rf7 22.
Qb2 Nef6 23. Nb6 Ra7 24. Nxd7 Rxd7 25. Bh3 Be6 26. Rd3 Re7 27. g4 fxg4 28.
Nxe6+ Rxe6 29. Bxg4 Re7 30. Rf3 Rf7 31. Re3 Qf8 32. Be6 Re7 33. Rf4 Re8 34. Qb6
Rxa2 35. Qxb7+ Re7 36. Qxc6 Qb8 37. Qd6 Qxd6 38. cxd6 Re8 39. d7 Rd8 40. Ref3
Ne4 41. Rf7+ Kh6 42. Rh3+ Kg5 43. f4# 1-0

[Event "CAN-op U2400"]
[Site "Montreal CAN"]
[Date "2014.07.20"]
[Round "3"]
[White "Drkulec, Vladimir"]
[Black "Tremblay, Alain"]
[Result "1/2-1/2"]
[WhiteElo "1922"]
[BlackElo "2045"]
[PlyCount "99"]
[EventDate "2014.07.19"]
[EventType "swiss"]
[EventRounds "9"]
[EventCountry "CAN"]

1. d4 Nf6 2. Nf3 d5 3. c4 c6 4. Qc2 dxc4 5. Qxc4 Bf5 6. Nc3 Nbd7 7. g3 h6 8.
Bg2 e6 9. O-O Be7 10. Re1 O-O 11. e4 Bh7 12. Qb3 e5 13. Nxe5 Nxe5 14. dxe5 Ng4
15. Be3 Nxe5 16. h3 Qc7 17. Rec1 Qb8 18. Rd1 Rd8 19. Bf4 g5 20. Rxd8+ Bxd8 21.
Be3 b5 22. a4 a6 23. axb5 axb5 24. Rd1 Bb6 25. Bxb6 Qxb6 26. Qc2 Rd8 27. Qe2
Rd4 28. Ra1 Rd8 29. Kh2 b4 30. Nd1 Qd4 31. f4 gxf4 32. gxf4 Ng6 33. Qg4 Kh8 34.
f5 Qe5+ 35. Kh1 Nf4 36. Qh4 f6 37. Nf2 Nxg2 38. Kxg2 Rg8+ 39. Kf3 Qxb2 40. Ra7
Qc3+ 41. Ke2 Qd4 42. Rb7 Qc4+ 43. Kf3 Qc3+ 44. Ke2 Rg3 45. Rb8+ Kg7 46. Rb7+
Kg8 47. Rb8+ Kg7 48. Rb7+ Kh8 49. Rb8+ Rg8 50. Rb7 1/2-1/2

[Event "CAN-op U2400"]
[Site "Montreal CAN"]
[Date "2014.07.20"]
[Round "3"]
[White "Drolet, Stephane"]
[Black "Voloaca, Mihnea"]
[Result "1-0"]
[WhiteElo "2066"]
[BlackElo "2227"]
[PlyCount "61"]
[EventDate "2014.07.19"]
[EventType "swiss"]
[EventRounds "9"]
[EventCountry "CAN"]

1. c4 Nf6 2. Nc3 c5 3. Nf3 e6 4. e3 Nc6 5. d4 d5 6. a3 a6 7. dxc5 Bxc5 8. b4
Be7 9. Bb2 O-O 10. cxd5 exd5 11. Be2 Be6 12. Rc1 Rc8 13. O-O a5 14. b5 Nb8 15.
Nd4 Qd6 16. Nb3 Bd8 17. Na4 Rxc1 18. Qxc1 Bc7 19. g3 Bh3 20. Rd1 Rc8 21. Qc5
Nbd7 22. Qxd6 Bxd6 23. Nxa5 Ra8 24. Nxb7 Be7 25. Bxf6 Nxf6 26. Nbc5 Rc8 27. b6
Bxc5 28. b7 Bxa3 29. bxc8=Q+ Bxc8 30. Nb6 Be6 31. Bf3 1-0

[Event "CAN-op U2400"]
[Site "Montreal CAN"]
[Date "2014.07.20"]
[Round "3"]
[White "Dube, Daniel"]
[Black "Bleau, John"]
[Result "1/2-1/2"]
[WhiteElo "1839"]
[BlackElo "1917"]
[PlyCount "60"]
[EventDate "2014.07.19"]
[EventType "swiss"]
[EventRounds "9"]
[EventCountry "CAN"]

1. e4 e5 2. Nf3 Nc6 3. Bb5 a6 4. Bxc6 dxc6 5. d4 Bg4 6. dxe5 Qxd1+ 7. Kxd1 Bc5
8. Ke2 Bd4 9. c3 Bxe5 10. h3 Bxf3+ 11. gxf3 g6 12. Be3 Bg7 13. Nd2 Nf6 14. Nb3
O-O-O 15. Rhd1 Rxd1 16. Rxd1 Rd8 17. Rxd8+ Kxd8 18. Nc5 Kc8 19. Bd4 a5 20. Bxf6
Bxf6 21. Ke3 b6 22. Nd3 Kd7 23. e5 Bg7 24. f4 Ke6 25. Ke4 Bf8 26. Ne1 Be7 27.
Nc2 c5 28. Ne3 f6 29. exf6 Bxf6 30. Nd5 Bd8 1/2-1/2

[Event "CAN-op U2400"]
[Site "Montreal CAN"]
[Date "2014.07.20"]
[Round "3"]
[White "Enkh-Amar, Galbadrakh"]
[Black "Klenburg, Mikhail"]
[Result "1/2-1/2"]
[WhiteElo "2140"]
[BlackElo "2368"]
[PlyCount "105"]
[EventDate "2014.07.19"]
[EventType "swiss"]
[EventRounds "9"]
[EventCountry "CAN"]

1. e4 d6 2. d4 Nf6 3. Nc3 g6 4. Nf3 Bg7 5. Be2 O-O 6. O-O c6 7. a4 Qc7 8. Re1
Nbd7 9. Bg5 h6 10. Bh4 e5 11. dxe5 dxe5 12. Qd2 Re8 13. Rad1 Nh5 14. Bc4 Nf4
15. Bb3 Nc5 16. Bc4 Bg4 17. Qe3 Nce6 18. Ne2 g5 19. Bg3 a6 20. h4 f6 21. Nh2
Bh5 22. Bxf4 gxf4 23. Qh3 Bf7 24. Qf5 b5 25. Bb3 Qe7 26. Ng4 h5 27. Nh2 Kh8 28.
Nf3 Rad8 29. Kh2 Bh6 30. Qh3 Rg8 31. Rxd8 Rxd8 32. axb5 axb5 33. Ra1 Ng7 34.
Bxf7 Qxf7 35. b3 Qg6 36. Re1 Qxe4 37. Ned4 Qd5 38. Nf5 Qd7 39. Nxh6 Kh7 40. Nf7
Qxf7 41. Rxe5 Re8 42. Rxe8 Qxe8 43. Nd4 f3 44. Nxf3 Qe2 45. c3 Qxf2 46. Qd7 Qc5
47. Qd4 Qf5 48. b4 Kg6 49. Qd6 Qe4 50. Qg3+ Kh6 51. Qd6 Kg6 52. Qd4 Qe6 53.
Qd3+ 1/2-1/2

[Event "CAN-op U2400"]
[Site "Montreal CAN"]
[Date "2014.07.20"]
[Round "3"]
[White "Gardner, Robert"]
[Black "Sprumont, Oscar"]
[Result "1-0"]
[WhiteElo "2164"]
[BlackElo "1948"]
[PlyCount "91"]
[EventDate "2014.07.19"]
[EventType "swiss"]
[EventRounds "9"]
[EventCountry "CAN"]

1. d4 Nf6 2. c4 g6 3. Nc3 d5 4. Nf3 Bg7 5. Bg5 Ne4 6. Bh4 Nxc3 7. bxc3 dxc4 8.
Qa4+ Nd7 9. e3 O-O 10. Qa3 Nf6 11. Bxc4 Qd6 12. Qb3 c5 13. Bg3 Qd8 14. O-O Ne4
15. Be5 Bg4 16. Bxg7 Kxg7 17. Qc2 Bxf3 18. gxf3 Nd6 19. Bd3 cxd4 20. cxd4 Qd7
21. Qe2 Rfc8 22. Kh1 Rc3 23. Rg1 Qa4 24. f4 e6 25. h4 Qa5 26. h5 Qd5+ 27. Kh2
Ne4 28. Rad1 Rac8 29. Qf3 Nf6 30. Qxd5 Nxd5 31. f5 exf5 32. Bxf5 R8c7 33. hxg6
hxg6 34. Bb1 b5 35. Rg5 Rd7 36. e4 Nf4 37. Rg4 Rh3+ 38. Kg1 Ne2+ 39. Kg2 Ra3
40. d5 Nc3 41. Rc1 b4 42. f4 a5 43. f5 a4 44. e5 Nxb1 45. f6+ Kh7 46. Rh4+ 1-0

[Event "CAN-op U2400"]
[Site "Montreal CAN"]
[Date "2014.07.20"]
[Round "3"]
[White "Holliman, Robert"]
[Black "Gelet, Seymour"]
[Result "1-0"]
[WhiteElo "1976"]
[BlackElo "2083"]
[PlyCount "83"]
[EventDate "2014.07.19"]
[EventType "swiss"]
[EventRounds "9"]
[EventCountry "CAN"]

1. d4 d5 2. Nf3 Nf6 3. g3 c6 4. Bg2 Bg4 5. Ne5 Bf5 6. O-O e6 7. c4 Nbd7 8. cxd5
exd5 9. Bg5 Be7 10. Nxd7 Qxd7 11. Nd2 h6 12. Bf4 Bh3 13. Nf3 Bxg2 14. Kxg2 Bd6
15. Be5 Qe7 16. a3 O-O 17. Qd3 Ne4 18. b4 a6 19. Bxd6 Qxd6 20. Nd2 Rfe8 21. e3
Re7 22. Ra2 Qe6 23. Rc2 Qf5 24. Nxe4 dxe4 25. Qe2 Rd8 26. Rc5 Rd5 27. Rfc1 Red7
28. h3 g6 29. Qg4 Qxg4 30. hxg4 Kg7 31. f3 f5 32. gxf5 gxf5 33. fxe4 fxe4 34.
Rf1 R7d6 35. Rf4 Re6 36. Rc1 Rf6 37. Rxe4 Rdf5 38. Rf4 Rg5 39. Rxf6 Kxf6 40. e4
Rg4 41. Kf3 Rg7 42. Rh1 {...} 1-0

[Event "CAN-op U2400"]
[Site "Montreal CAN"]
[Date "2014.07.20"]
[Round "3"]
[White "Jacquet, Stephane"]
[Black "Lee, Megan"]
[Result "1-0"]
[WhiteElo "1992"]
[BlackElo "2094"]
[PlyCount "87"]
[EventDate "2014.07.19"]
[EventType "swiss"]
[EventRounds "9"]
[EventCountry "CAN"]

1. d4 d5 2. c4 c6 3. Nc3 Nf6 4. Nf3 dxc4 5. a4 Bf5 6. e3 e6 7. Bxc4 Bb4 8. O-O
Nbd7 9. Qe2 Bg6 10. e4 Bxc3 11. bxc3 Nxe4 12. Ba3 Ndf6 13. Ne5 Nxc3 14. Qf3
Ncd5 15. a5 Nd7 16. Nxg6 hxg6 17. Rfe1 Qc7 18. h3 N7f6 19. Rab1 Rb8 20. a6 b6
21. Rbc1 Qd7 22. Qg3 Rd8 23. Qe5 Ne7 24. d5 Nexd5 25. Bxd5 Qxd5 26. Qc7 Qd7 27.
Rxc6 Nd5 28. Qb7 Qxb7 29. axb7 Rb8 30. Rec1 b5 31. Rc8+ Kd7 32. Rxh8 Rxh8 33.
Bd6 f6 34. b8=Q Rxb8 35. Bxb8 a5 36. Rc5 b4 37. Rxa5 Nc3 38. Rc5 e5 39. Kf1 Ne4
40. Rb5 b3 41. f3 Kc6 42. Rb4 Nd2+ 43. Ke2 Kc5 44. Bd6+ 1-0

[Event "CAN-op U2400"]
[Site "Montreal CAN"]
[Date "2014.07.20"]
[Round "3"]
[White "Le Duin, Thierry"]
[Black "Doknjas, Joshua"]
[Result "1-0"]
[WhiteElo "2062"]
[BlackElo "1849"]
[PlyCount "93"]
[EventDate "2014.07.19"]
[EventType "swiss"]
[EventRounds "9"]
[EventCountry "CAN"]

1. d4 d5 2. Nf3 Nf6 3. c3 Bf5 4. Nh4 Bd7 5. Nf3 Bf5 6. Bg5 h6 7. Bxf6 exf6 8.
g3 c6 9. Bg2 Bd6 10. O-O O-O 11. a4 Be6 12. Qd3 f5 13. e3 Nd7 14. b4 Qf6 15.
Nbd2 g5 16. Nb3 f4 17. exf4 gxf4 18. Nh4 Rfc8 19. Nc1 Nf8 20. Ne2 Ng6 21. Nxg6
fxg6 22. Nxf4 Bxf4 23. gxf4 Bf5 24. Qg3 Kf7 25. Rfe1 Re8 26. Re5 Re6 27. Rae1
Rae8 28. Bh3 Bxh3 29. Qxh3 h5 30. Qg3 Kg7 31. Rxe6 Rxe6 32. Re5 Kf7 33. h4 Ke7
34. Qg5 Qxg5+ 35. fxg5 Kd6 36. f4 Re7 37. Kg2 Rf7 38. Kf3 b6 39. Re8 Rg7 40. f5
gxf5 41. Kf4 Kd7 42. Re5 Rf7 43. Rxf5 Re7 44. g6 Re8 45. Kg5 Rg8 46. Kxh5 Ke6
47. Kg5 1-0

[Event "CAN-op U2400"]
[Site "Montreal CAN"]
[Date "2014.07.20"]
[Round "3"]
[White "Libersan, Thierry"]
[Black "Khassanov, Marat"]
[Result "1-0"]
[WhiteElo "2090"]
[BlackElo "2256"]
[PlyCount "111"]
[EventDate "2014.07.19"]
[EventType "swiss"]
[EventRounds "9"]
[EventCountry "CAN"]

1. e4 d5 2. exd5 Nf6 3. d4 Nxd5 4. c4 Nb6 5. Nc3 g6 6. Be3 Bg7 7. h3 O-O 8. Nf3
Nc6 9. Rc1 e5 10. d5 Ne7 11. Be2 h6 12. O-O f5 13. Qb3 e4 14. Nh2 Kh7 15. Rfd1
Nd7 16. f4 exf3 17. Nxf3 Ne5 18. c5 f4 19. Bd4 Nxf3+ 20. Bxf3 Bxd4+ 21. Rxd4
Nf5 22. Rd2 Nh4 23. Ne4 Bf5 24. d6 Nxf3+ 25. Qxf3 Qe8 26. Re2 Qc6 27. Nd2 Rf7
28. Qxc6 bxc6 29. Rce1 cxd6 30. cxd6 Rd8 31. Re7 Kg8 32. Nc4 Rd7 33. Rxf7 Rxf7
34. Ne5 Rb7 35. Nxc6 Rb6 36. Ne7+ Kf8 37. Nxf5 gxf5 38. d7 Rb8 39. Re5 Kf7 40.
Rxf5+ Ke6 41. Rxf4 Kxd7 42. b3 Ke7 43. Ra4 Rb7 44. Ra6 h5 45. Rh6 Rb5 46. Rh7+
Kf6 47. Rxa7 Kg5 48. Ra4 Rd5 49. h4+ Kf5 50. Rc4 Rd3 51. Kh2 Re3 52. Rb4 Re2
53. a4 Rc2 54. a5 Ra2 55. Ra4 Rb2 56. a6 1-0

[Event "CAN-op U2400"]
[Site "Montreal CAN"]
[Date "2014.07.20"]
[Round "3"]
[White "Luo, Zhao Yang"]
[Black "Docheshmeh, Amir Mohammad"]
[Result "1-0"]
[WhiteElo "1959"]
[BlackElo "1688"]
[PlyCount "77"]
[EventDate "2014.07.19"]
[EventType "swiss"]
[EventRounds "9"]
[EventCountry "CAN"]

1. d4 Nf6 2. Nf3 g6 3. Bg5 Bg7 4. Nbd2 d5 5. e3 Bf5 6. Be2 O-O 7. O-O c5 8. Ne5
Ne4 9. Nxe4 Bxe4 10. Bf4 f6 11. Nd3 g5 12. Bxb8 Bxd3 13. Bxd3 Rxb8 14. Qh5 f5
15. Qxg5 Qd7 16. dxc5 Kh8 17. Rab1 e6 18. g3 Rg8 19. Qh4 Rbf8 20. c4 Bf6 21.
Qh5 Rg5 22. Qf3 d4 23. e4 fxe4 24. Qxe4 Rxc5 25. f4 Re8 26. b4 Rh5 27. c5 Qg7
28. c6 bxc6 29. Qxc6 Rg8 30. Rb2 e5 31. Qe6 Bh4 32. Rg2 exf4 33. Rxf4 Bg5 34.
Rf7 Be3+ 35. Kh1 Qg5 36. Qd7 Rg7 37. Rxg7 Qxg7 38. Qe8+ Qg8 39. Qxh5 1-0

[Event "CAN-op U2400"]
[Site "Montreal CAN"]
[Date "2014.07.20"]
[Round "3"]
[White "MacKinnon, Keith"]
[Black "Oussedik, Elias"]
[Result "1/2-1/2"]
[WhiteElo "2165"]
[BlackElo "2100"]
[PlyCount "27"]
[EventDate "2014.07.19"]
[EventType "swiss"]
[EventRounds "9"]
[EventCountry "CAN"]

1. e4 e6 2. d4 d5 3. Nd2 Nf6 4. e5 Nfd7 5. c3 c5 6. Bd3 Nc6 7. Ngf3 g6 8. O-O
Bg7 9. Re1 O-O 10. a3 Qb6 11. Qa4 cxd4 12. cxd4 f6 13. exf6 Nxf6 14. Nb3
1/2-1/2

[Event "CAN-op U2400"]
[Site "Montreal CAN"]
[Date "2014.07.20"]
[Round "3"]
[White "Pepin, Christian"]
[Black "Singher, Jean-Pierre"]
[Result "1/2-1/2"]
[WhiteElo "1929"]
[BlackElo "2060"]
[PlyCount "91"]
[EventDate "2014.07.19"]
[EventType "swiss"]
[EventRounds "9"]
[EventCountry "CAN"]

1. e4 e6 2. d4 d5 3. exd5 exd5 4. Bd3 Nf6 5. Bg5 Be7 6. Nd2 Bg4 7. Ngf3 Nbd7 8.
c3 O-O 9. O-O c6 10. Qc2 Bh5 11. Ne5 Nxe5 12. dxe5 Ng4 13. Bf4 Bg5 14. Bg3 Bg6
15. Rae1 d4 16. Bxg6 hxg6 17. cxd4 Qxd4 18. Nf3 Qd8 19. Rd1 Qe7 20. h4 Bh6 21.
Qa4 Qe6 22. Rd6 Qf5 23. Rd4 b5 24. Qb4 a5 25. Qc5 Nf6 26. Qxc6 Rfc8 27. Qxb5
Ne4 28. Bh2 Nxf2 29. Ng5 Bxg5 30. hxg5 Qxg5 31. Qe2 Rc1 32. Kxf2 Rac8 33. Rxc1
Rxc1 34. Qd2 Qf5+ 35. Kg3 Qxe5+ 36. Qf4 Qe1+ 37. Kh3 Qe6+ 38. Qg4 Qe3+ 39. g3
f5 40. Qf4 Qe1 41. Rd8+ Kf7 42. Rd7+ Kg8 43. b3 Rc2 44. Qb8+ Kh7 45. Qf4 Kg8
46. Rd8+ 1/2-1/2

[Event "CAN-op U2400"]
[Site "Montreal CAN"]
[Date "2014.07.20"]
[Round "3"]
[White "Reeve, Jeff"]
[Black "Poulin, Mathieu"]
[Result "1/2-1/2"]
[WhiteElo "2245"]
[BlackElo "1992"]
[PlyCount "98"]
[EventDate "2014.07.19"]
[EventType "swiss"]
[EventRounds "9"]
[EventCountry "CAN"]

1. e4 c6 2. d4 d5 3. Nc3 dxe4 4. Nxe4 Bf5 5. Ng3 Bg6 6. Nf3 e6 7. h4 h6 8. h5
Bh7 9. Bd3 Bxd3 10. Qxd3 Nf6 11. Bd2 Qc7 12. O-O-O Nbd7 13. Ne4 Nxe4 14. Qxe4
Nf6 15. Qe2 Bd6 16. g3 O-O-O 17. c4 c5 18. Bc3 cxd4 19. Nxd4 a6 20. Nf3 Qc5 21.
b4 Qc6 22. Nd4 Qe4 23. Rh4 Qxe2 24. Nxe2 Be7 25. Rf4 Rxd1+ 26. Kxd1 Rd8+ 27.
Kc2 Rd7 28. f3 Bd6 29. Rh4 Be7 30. Rh1 Rc7 31. Kb3 Ne8 32. Rd1 Rd7 33. Rxd7
Kxd7 34. g4 Bf6 35. Bd2 Bd8 36. a4 f5 37. gxf5 exf5 38. Nd4 Nf6 39. Nxf5 Nxh5
40. Bc3 Bf6 41. Bxf6 Nxf6 42. Nxg7 h5 43. Nf5 Ke6 44. Nh4 Ke5 45. a5 Kf4 46. c5
Nd7 47. Kc4 Ne5+ 48. Kd5 Nc6 49. Kd6 Nxb4 1/2-1/2

[Event "CAN-op U2400"]
[Site "Montreal CAN"]
[Date "2014.07.20"]
[Round "3"]
[White "Robichaud, Louis"]
[Black "Cohen, Lawrence"]
[Result "1/2-1/2"]
[WhiteElo "2075"]
[BlackElo "1922"]
[PlyCount "78"]
[EventDate "2014.07.19"]
[EventType "swiss"]
[EventRounds "9"]
[EventCountry "CAN"]

1. e4 c5 2. d3 Nc6 3. g3 Nf6 4. Bg2 e6 5. f4 d6 6. Nc3 Be7 7. Nf3 e5 8. O-O Bg4
9. h3 Bxf3 10. Qxf3 O-O 11. g4 Nd4 12. Qd1 Nd7 13. Nd5 Bh4 14. c3 Nc6 15. g5
exf4 16. Bxf4 Nde5 17. Qh5 Ng6 18. Be3 f6 19. gxf6 Bxf6 20. Nxf6+ Rxf6 21. Qd5+
Kh8 22. Bg5 Rxf1+ 23. Rxf1 Nge7 24. Bxe7 Nxe7 25. Qxb7 Rb8 26. Qxa7 Nc6 27. Qf7
Ne5 28. Qd5 Rxb2 29. d4 Rd2 30. Qb7 Ng6 31. Rf7 cxd4 32. cxd4 h5 33. e5 dxe5
34. d5 Qg5 35. Rf2 Qe3 36. Qc8+ Kh7 37. Qf5 Qe1+ 38. Rf1 Qe3+ 39. Rf2 Qe1+
1/2-1/2

[Event "CAN-op U2400"]
[Site "Montreal CAN"]
[Date "2014.07.20"]
[Round "3"]
[White "Song, Sam"]
[Black "Currie, James"]
[Result "1-0"]
[WhiteElo "2030"]
[BlackElo "1987"]
[PlyCount "169"]
[EventDate "2014.07.19"]
[EventType "swiss"]
[EventRounds "9"]
[EventCountry "CAN"]

1. e4 d5 2. exd5 Nf6 3. Nf3 Nxd5 4. d4 Bf5 5. a3 g6 6. c4 Nf6 7. Nc3 Bg7 8. Be2
O-O 9. O-O Nc6 10. d5 Nb8 11. Nd4 Bc8 12. Bf4 Ne8 13. Bg3 c6 14. Nf3 cxd5 15.
cxd5 a6 16. Qd2 Nd6 17. Rfd1 Nd7 18. Rac1 Nf6 19. Be5 Bg4 20. Qd4 Nf5 21. Qb4
Bxf3 22. Bxf3 Nd6 23. a4 Qd7 24. a5 Bh6 25. Rc2 Rac8 26. Re2 Rc4 27. Qb6 Ng4
28. Bxd6 exd6 29. Bxg4 Rxg4 30. Ne4 Qf5 31. Rde1 Qf3 32. g3 f5 33. Nxd6 Qxd5
34. Nxb7 Re4 35. Rxe4 fxe4 36. Nc5 e3 37. fxe3 Qf3 38. Qe6+ Kh8 39. Nd3 Bg7 40.
Qb6 Be5 41. Nf4 Rb8 42. Qe6 Bxb2 43. Rb1 Rd8 44. Rf1 Qa8 45. Qb3 Rb8 46. Qd5
Qa7 47. Ng2 Bg7 48. Rf7 Rb1+ 49. Kf2 Qb8 50. Nf4 Rb5 51. Qc4 Qa8 52. Rc7 Rb2+
53. Ne2 Qf8+ 54. Qf4 Qb8 55. Qf7 Qf8 56. Qxf8+ Bxf8 57. Ra7 Ra2 58. Rxa6 Bb4
59. Ra8+ Kg7 60. a6 Kf6 61. Kf3 g5 62. h3 h5 63. Nd4 Bc5 64. Ke4 Ra5 65. Kd5
Ba7+ 66. Ke4 Rxa6 67. Rh8 Kg6 68. Rg8+ Kf6 69. Rc8 Ra1 70. Rc6+ Kf7 71. Rh6 Bb8
72. Rxh5 Ra5 73. Nc6 Ra4+ 74. Kf3 Kg6 75. g4 Bd6 76. Nd4 Bc5 77. Nf5 Bf8 78.
Rh8 Kf7 79. Rh7+ Kg6 80. Rc7 Ra6 81. Rc3 Rf6 82. e4 Bd6 83. Rc6 Be5 84. Rxf6+
Kxf6 85. Ke3 1-0

[Event "CAN-op U2400"]
[Site "Montreal CAN"]
[Date "2014.07.20"]
[Round "3"]
[White "Thau, Peter"]
[Black "Cloutier, Mathieu"]
[Result "0-1"]
[WhiteElo "1813"]
[BlackElo "2040"]
[PlyCount "70"]
[EventDate "2014.07.19"]
[EventType "swiss"]
[EventRounds "9"]
[EventCountry "CAN"]

1. d4 Nf6 2. c4 c5 3. Nf3 cxd4 4. Nxd4 e5 5. Nf3 Bc5 6. e3 Nc6 7. Be2 O-O 8.
O-O e4 9. Nd4 Ne5 10. Nc3 Re8 11. Nd5 Nxd5 12. cxd5 Qg5 13. Qc2 Nf3+ 14. Nxf3
exf3 15. Bxf3 d6 16. Bd2 Bd7 17. Qb3 Rab8 18. Rfe1 h5 19. Kh1 h4 20. h3 Qh6 21.
Qd1 g5 22. Rf1 f5 23. b4 Bb6 24. a4 a6 25. a5 Bd8 26. Bc3 Bf6 27. Rc1 Rbc8 28.
Bxf6 Qxf6 29. Qe2 Bb5 30. Rxc8 Rxc8 31. Qd1 Bxf1 32. Qxf1 Qb2 33. Qd3 Rc1+ 34.
Kh2 Qb1 35. Qxb1 Rxb1 0-1

[Event "CAN-op U2400"]
[Site "Montreal CAN"]
[Date "2014.07.20"]
[Round "3"]
[White "Tonakanian, Stephan"]
[Black "Anastasovski, Nikola"]
[Result "1-0"]
[WhiteElo "1922"]
[BlackElo "2059"]
[PlyCount "102"]
[EventDate "2014.07.19"]
[EventType "swiss"]
[EventRounds "9"]
[EventCountry "CAN"]

1. d4 e6 2. Nf3 b6 3. g3 Bb7 4. Bg2 f5 5. O-O Nf6 6. c4 Be7 7. b3 O-O 8. Bb2 h6
9. Nc3 Ne4 10. Nxe4 Bxe4 11. Ne5 Bxg2 12. Kxg2 Qe8 13. Qc2 d6 14. Nd3 Bf6 15.
Rad1 Nd7 16. e3 g5 17. f4 g4 18. Nf2 Bg7 19. e4 h5 20. Rfe1 Qf7 21. Re3 e5 22.
dxe5 dxe5 23. Nd3 fxe4 24. Rxe4 Qg6 25. Qe2 Rad8 26. Nxe5 Nxe5 27. Rxd8 Rxd8
28. Bxe5 Rd2 29. Qxd2 Qxe4+ 30. Kf2 Bxe5 31. fxe5 Qxe5 32. Qd5+ Qxd5 33. cxd5
Kf7 34. Ke3 Ke7 35. Kf4 Kd6 36. Kg5 Kxd5 37. Kxh5 c5 38. Kxg4 b5 39. Kf3 Kd4
40. Ke2 Kc3 41. h4 Kb2 42. h5 Kxa2 43. h6 Kxb3 44. h7 a5 45. h8=Q c4 46. Qe5 b4
47. Qxa5 c3 48. Kd3 c2 49. Qa1 c1=R 50. Qxc1 Ka2 51. Kc4 b3 1-0

[Event "CAN-op U2400"]
[Site "Montreal CAN"]
[Date "2014.07.20"]
[Round "3"]
[White "Trahan, Daniel"]
[Black "Shi, Diwen"]
[Result "1-0"]
[WhiteElo "2078"]
[BlackElo "1934"]
[PlyCount "121"]
[EventDate "2014.07.19"]
[EventType "swiss"]
[EventRounds "9"]
[EventCountry "CAN"]

1. d4 Nf6 2. c4 Nc6 3. Nf3 e6 4. Nc3 Bb4 5. Qc2 d6 6. Bg5 h6 7. Bd2 e5 8. d5
Bxc3 9. Bxc3 Ne7 10. e4 Ng6 11. g3 O-O 12. Bg2 Nh7 13. O-O f5 14. c5 f4 15.
cxd6 cxd6 16. Rac1 Bg4 17. h3 Bxf3 18. Bxf3 Qg5 19. Kh2 Rac8 20. Qe2 Nf6 21.
Bd2 h5 22. Rc3 Rxc3 23. bxc3 Rc8 24. Rg1 Qh6 25. h4 Rc7 26. c4 b6 27. Rc1 Kf7
28. Kg2 Ke7 29. a4 Nd7 30. Rb1 Ngf8 31. Bxh5 Rxc4 32. Qxc4 Qxh5 33. Bb4 f3+ 34.
Kf1 Qg4 35. Ke1 Qh3 36. Kd2 Qg2 37. Qf1 Qh2 38. Ke3 a5 39. Ba3 Ng6 40. Qh1 Qxh1
41. Rxh1 Nc5 42. Bxc5 bxc5 43. Rb1 Nf8 44. Rb5 Nd7 45. Rxa5 Nb6 46. Ra7+ Kf6
47. Kxf3 c4 48. Ra6 Nc8 49. Rc6 Na7 50. Rxc4 Kg6 51. Rc7 Kh5 52. Rxa7 g5 53.
hxg5 Kg6 54. Rd7 Kh5 55. a5 Kg6 56. a6 Kh5 57. a7 Kg6 58. a8=Q Kh5 59. Qh8+
Kxg5 60. Qg8+ Kh5 61. Rh7# 1-0

[Event "CAN-op U2400"]
[Site "Montreal CAN"]
[Date "2014.07.20"]
[Round "3"]
[White "Van Hoolandt, Patrick"]
[Black "Luksza, Arkadiusz"]
[Result "0-1"]
[WhiteElo "2236"]
[BlackElo "2107"]
[PlyCount "70"]
[EventDate "2014.07.19"]
[EventType "swiss"]
[EventRounds "9"]
[EventCountry "CAN"]

1. d4 e6 2. c4 f5 3. g3 Nf6 4. Bg2 c6 5. Nf3 d5 6. O-O Bd6 7. b3 Qe7 8. Nbd2
Nbd7 9. Bb2 Ne4 10. Ne5 O-O 11. e3 a5 12. a3 Rf6 13. Nd3 Rh6 14. Nf3 Ndf6 15.
Nfe5 Bd7 16. f3 Ng5 17. Nf4 Nf7 18. Qd2 Be8 19. h3 Nd7 20. Nfd3 Bc7 21. Rae1
Ndxe5 22. dxe5 dxc4 23. bxc4 Rd8 24. Qc2 Qg5 25. g4 fxg4 26. fxg4 Nxe5 27. Nf4
Qe7 28. Qe4 Nf7 29. Qc2 Ng5 30. Kh2 e5 31. Ne2 e4+ 32. Nf4 Rd3 33. Bxe4 Qxe4
34. Kg1 Nxh3+ 35. Nxh3 Rxh3 0-1

[Event "CAN-op U2400"]
[Site "Montreal CAN"]
[Date "2014.07.20"]
[Round "3"]
[White "Voskanyan, Vahagn"]
[Black "Babb, Jeff"]
[Result "1-0"]
[WhiteElo "2225"]
[BlackElo "2111"]
[PlyCount "109"]
[EventDate "2014.07.19"]
[EventType "swiss"]
[EventRounds "9"]
[EventCountry "CAN"]

1. Nf3 Nc6 2. d4 d5 3. Bf4 Bg4 4. e3 e6 5. c4 Bb4+ 6. Nc3 Nge7 7. Rc1 O-O 8. a3
Bxc3+ 9. bxc3 Ng6 10. h3 Bxf3 11. Qxf3 Nxf4 12. Qxf4 dxc4 13. Bxc4 Qd6 14. Qxd6
cxd6 15. Ba2 d5 16. c4 dxc4 17. Bxc4 Rac8 18. Ke2 Rc7 19. Ba2 Rfc8 20. Kd2 Kf8
21. f4 Ke7 22. g4 Kd6 23. g5 g6 24. h4 Na5 25. Rxc7 Rxc7 26. Rc1 Rxc1 27. Kxc1
Nc6 28. Kc2 Ne7 29. e4 Nc6 30. Kc3 Ne7 31. Bb3 a6 32. Bd1 b5 33. a4 bxa4 34.
Bxa4 Nc6 35. Bd1 a5 36. Kc4 Nb4 37. Ba4 Nc6 38. Bb5 Nb4 39. Be8 Ke7 40. Ba4 Kd6
41. Bd1 Nc6 42. Bf3 Ne7 43. Kb5 a4 44. Kxa4 Nc6 45. e5+ Kd7 46. d5 exd5 47.
Bxd5 Nd8 48. Kb5 Ne6 49. Bxe6+ Kxe6 50. Kc6 Kf5 51. Kd6 Kxf4 52. Ke7 Kxe5 53.
Kxf7 Kf5 54. Kg7 Kg4 55. Kxh7 1-0

[Event "CAN-op U2400"]
[Site "Montreal CAN"]
[Date "2014.07.20"]
[Round "3"]
[White "Weber, Meikel"]
[Black "Trottier, Emile"]
[Result "1/2-1/2"]
[WhiteElo "2042"]
[BlackElo "2168"]
[PlyCount "66"]
[EventDate "2014.07.19"]
[EventType "swiss"]
[EventRounds "9"]
[EventCountry "CAN"]

1. e4 e6 2. d4 d5 3. Nc3 Nf6 4. e5 Nfd7 5. f4 c5 6. Nf3 Nc6 7. Be3 Be7 8. dxc5
Nxc5 9. Qd2 a6 10. Be2 b5 11. a3 Qc7 12. Nd4 Bd7 13. O-O Rc8 14. Bf3 Na5 15.
Bf2 Nc4 16. Qc1 Na4 17. Nd1 Na5 18. Rb1 f6 19. Re1 f5 20. Qd2 Nc5 21. Ne3 Ne4
22. Bxe4 dxe4 23. Red1 g5 24. g3 h5 25. Ndxf5 exf5 26. Nd5 Qc6 27. Nxe7 Kxe7
28. Qxa5 gxf4 29. Qb4+ Ke8 30. Rd6 Qxc2 31. Rbd1 e3 32. Rxd7 Qxf2+ 33. Kh1 Qf3+
1/2-1/2

[Event "CAN-op U2400"]
[Site "Montreal CAN"]
[Date "2014.07.21"]
[Round "4"]
[White "Anastasovski, Nikola"]
[Black "Thau, Peter"]
[Result "1-0"]
[WhiteElo "2059"]
[BlackElo "1813"]
[PlyCount "87"]
[EventDate "2014.07.19"]
[EventType "swiss"]
[EventRounds "9"]
[EventCountry "CAN"]

1. e4 e6 2. d4 d5 3. e5 c5 4. c3 Nc6 5. Be3 Qb6 6. Qd2 Bd7 7. Nf3 Be7 8. Be2 f6
9. O-O O-O-O 10. a3 h6 11. b4 c4 12. a4 Rf8 13. a5 Qd8 14. Qa2 f5 15. Bc1 g5
16. Nfd2 h5 17. Nxc4 dxc4 18. Bxc4 Rh6 19. b5 Nxa5 20. Qxa5 Qxa5 21. Rxa5 Kb8
22. f4 g4 23. Be3 Bd8 24. Ra2 Ne7 25. Bf2 h4 26. Be1 Nc8 27. Be2 Rfh8 28. c4
Be7 29. c5 Bd8 30. Bb4 Bc7 31. Nc3 R8h7 32. Rfa1 Bd8 33. Na4 Kc7 34. Nb2 Be7
35. b6+ axb6 36. cxb6+ Kd8 37. Bc5 Bxc5 38. dxc5 Bc6 39. Ra8 Rh8 40. Rb8 Ke7
41. Raa8 Bd7 42. Rxb7 Nxb6 43. Rxh8 Rxh8 44. cxb6 1-0